00796nam a2200205 i 450000100060000000300090000600500170001500700030003200800410003510000180007624500810009425000280017526000890020330000220029251000230031465000200033765100230035770000220038085201880040235941ES-MaACL20250808063149.0t|030214s1947 mx ||||1| spa d1 aBrogan, D. W.10aFrancia 1870-1939 / cD.W. Brogan ; versión española de Vicente Herrero. a[1ª ed. en español]. aMéxico, etc. : bFondo de Cultura Económica, c[1947] (fGráfica Panamericana) a897 p. ; c24 cm. aCCPB,c000983622-5 7aHistoria2embne 4aFrancia-xHistoria1 aHerrero, Vicente. aES-MaACLjD-6382 bR.30141bR.M. 5977cSVIfSello en tinta azul de la Biblioteca del Ateneo de MadridgAnotación manuscrita en hoja de guarda: "165.-"xEncuadernación en tela azul